Normal view
MARC view
Entry Término temático
001 - NÚMERO DE CONTROL
- campo de control: 164854
003 - IDENTIFICADOR DEL NÚMERO DE CONTROL
- campo de control: OSt
005 - FECHA Y HORA DE LA ÚLTIMA TRANSACCIÓN
- campo de control: 20220127160846.0
008 - DATOS DE LONGITUD FIJA
- campo de control de longitud fija: 220127|| aca||aabn | a|a d
040 ## - FUENTE DE LA CATALOGACIÓN
- Centro catalogador/agencia de origen: OSt
- Centro/agencia transcriptor: OSt
150 ## - ENCABEZAMIENTO--TÉRMINO DE MATERIA
- Término de materia o nombre geográfico como elemento de entrada: Plantas enfermedades por nemátodos
670 ## - FUENTE DE DATOS ENCONTRADOS
- Cita de la fuente: Work cat.: (OSt)199640: Cuevas Ojeda, Juventino 30173, Distribución, rango de hospedantes y determinación de las razas de Meloidogyne chitwoordi Golden, O´Bannon y Finley, 1980 (Nematoda :
